00712nam a22001097a 4500040000800000082002700008100002100035245040700056260002600463300002600489856008700515 cRUA aAGR SEN 2010 B045 Or.1 aSENG, CHANBOPHA. aeffectiveness of animal manure on celery cabbage at crop station of the royal university of agriculture ( ប្រសិទ្ធភាពនៃជីលាមកសត្តទៅលើដំណាំស្ពៃចង្កិះនៅក្នុងស្ថានីយ៍ពិសោធន៍ដំណាំនៃសាកលវិទ្យាល័យភូមិន្ទកសិកម្ម)  aPhnom PenhbRUAc2010 aix, 48p.bill.c29cm. uhttps://drive.google.com/file/d/17tXz6afQOk1D01ooBILJg5zURf0xtifk/view?usp=sharing